Statistics for Finland quiz

Click here to take the quiz!

General Stats

  • This quiz has been taken 36 times
  • The average score is 13 of 15

Answer Stats

HintAnswer% Correct
NeighborNorway
100%
NeighborSweden
100%
Color of flag (minority)Blue
97%
Official languageFinnish
97%
NeighborRussia
97%
Color of flag (majority)White
97%
Closest country with no common borderEstonia
93%
Capital cityHelsinki
93%
A hot roomSauna
86%
Official languageSwedish
86%
Year of independence1917
79%
Day of independence6.12
69%
President (2012-2024)Sauli Niinistö
69%
_______ pie (food)Karelian
62%
Highest natural pointHalti
59%

Score Distribution

Percentile by Number Answered

Percent of People with Each Score

Your Score History

You have not taken this quiz